00650nam a22002057a 450000500170000001000150001702000110003203500140004303700130005708200080007010000260007824500120010426000460011627000400016230000230020271000350022594200220026099900190028295201430030120240123152026.0 aENG-138936 c179.00 aEN-122468 bDBAD/PUB a000 aR.P. MANCHANDA961199 a CUET / aNew Delhi bRachna Sagar PVT. LTD. c2022 a4583/15,Daryaganj, New Delhi-110002 a184 p.c29 cm(hbk) aRoma ChatterjeeeEditor959600 2ddccENh000mCUE c200208d200208 001040708REFaZLSbZLSd2024-01-18eDBAD/PUBg179.00l2o000 MANpEN-122468r2025-05-15 00:00:00s2025-05-03t1v179.00w2024-01-18yEN